| 000 | 00475nam a2200181Ia 4500 | ||
|---|---|---|---|
| 003 | GCL | ||
| 008 | 140319s9999 xx 000 0 eng d | ||
| 040 |
_aGCL / _cGCL |
||
| 082 | 0 | 4 |
_a530.12 _bD D |
| 100 | 1 | _aDUTT, RANABIR | |
| 245 | 1 | 0 |
_aDIRAC AND FEYNMAN: PIONERS IN QUANTUM MECHANICS / _cDUTT, RANABIR |
| 700 | 1 | _aRAY, ASIM K. | |
| 260 |
_a[S.N] : _bWILEY EASTERN LIMITED ، _c1993 |
||
| 300 | _a214 P | ||
| 650 | 0 | 4 | _aMECHANICS |
| 650 | 0 | 4 | _aQUANTUM |
| 942 |
_2ddc _cBK |
||
| 999 |
_c20463 _d20463 |
||